Quadratic form theory and differential equations

Wedi'i Gadw mewn:
Manylion Llyfryddiaeth
Prif Awdur: Gregory, John (Awdur)
Fformat: Llyfr
Iaith:Saesneg
Cyhoeddwyd: Nueva York Academic Press 1980
Cyfres:Mathimetics in Science and Engineering, 152
Pynciau:
Tagiau: Ychwanegu Tag
Dim Tagiau, Byddwch y cyntaf i dagio'r cofnod hwn!

MARC

LEADER 00000nam a2200000 a 4500
001 UCP1425
003 CL-VaPUC
008 990409e19800000US |||||||||||||||||eng|d
082 0 4 |a 512.944  |b GRE  |2 21 
100 0 |a Gregory, John  |e author  |9 427470 
245 1 0 |a Quadratic form theory and differential equations 
300 |a 237 p 
942 |c BK 
945 |d 19990409 00:00:00  |a crobeson 
260 |a Nueva York  |b Academic Press  |c 1980 
650 7 |a FORMAS CUADRATICAS  |2 CL-VaPUC  |9 270195 
650 0 |a Ecuaciones diferenciales  |9 260083 
650 0 |a Espacio de Hilbert   |9 260141 
583 |a last modification  |c 19990409 00:00:00  |k Rodrigo Vera 
490 0 |a Mathimetics in Science and Engineering, 152 
999 |c 280103  |d 280101